000 01439cam a22003854a 4500
001 14360059
003 OSt
005 20140310182747.0
008 060501s2007 moua b 001 0 eng
010 _a 2006046453
015 _aGBA651218
_2bnb
016 7 _a101275844
_2DNLM
016 7 _a013480519
_2Uk
020 _a9812593497
020 _a0721698433
035 _a(OCoLC)ocm68705599
035 _a(OCoLC)68705599
_z(OCoLC)69732894
_z(OCoLC)71872474
040 _aDNLM/DLC
_cDLC
_dNLM
_dBAKER
_dC#P
_dYDXCP
_dUKM
_dOCLCQ
_dMUQ
_dDLC
042 _apcc
050 0 0 _aRM 301
_b.L528 2005
100 1 _aLehne, Richard A.,
_d1943-
245 1 0 _aPharmacology for nursing care /
_cRichard A. Lehne, in consultation with Linda A. Moore, Leanna J. Crosby, Diane B. Hamilton.
250 _a5th ed.
260 _aSt. Louis, Mo. :
_bSaunders Elsevier,
_cc2005.
300 _axxii, 1354 p. :
_bcol. ill. ;
_c29 cm. +
_e1 CD-ROM (4 3/4 in.)
521 _aNUR
650 0 _aPharmacology.
650 0 _aNursing.
650 1 2 _aDrug Therapy
_vNurses' Instruction.
650 1 2 _aPharmacology
_vNurses' Instruction.
906 _a7
_bcbc
_corignew
_d1
_eocip
_f20
_gy-gencatlg
942 _2lcc
_cBK
_kFOR
999 _c15679
_d15679